000 00177nam a22000857a 4500
003 SGT
245 _aTHE AMERICAN JOURNAL OF PATHOLOGY
260 _aUSA
_bASIP
_c2021
942 _2ddc
_cBV
999 _c24445
_d24445